Представление документа в формате MARC21

ПолеНазваниеЗначение
  Тип записи a
  Библиографический уровень m
001 Контрольный номер RU/URAIT/586838
005 Дата корректировки 20260429163650.1
008 Кодируемые данные 260429s2026 RU y f j 000 0 rus u
020 Индекс ISBN __
a ISBN 978-5-534-09284-4
c Цена, тираж 1589.00
040 Источник каталогиз. __
a Служба первич. каталог. ИКО Юрайт
c Служба, преобразующая запись ИКО Юрайт
e Правила каталог. RCR
041 Код языка издания __
a Код языка текста rus
044 Код страны публикации __
a Код страны публикации RU
080 Индекс УДК __
a Индекс УДК 373.21(075.32)
084 Индекс другой классификации/Индекс ББК __
2 Источник индекса rubbk
a Индекс другой классификации/Индекс ББК 74.100.5я723
100 Автор __
a Автор Радынова О. П.
q Полное имя Радынова Ольга Петровна
245 Заглавие __
a Заглавие Теория и методика музыкального воспитания
b Продолж. заглавия учебник для спо
c Ответственность О. П. Радынова, Л. Н. Комиссарова ; под общей редакцией О. П. Радыновой.
250 Сведения об издании __
g испр. и доп
a Основные сведения об издании 3-е изд.
256 Характеристики компьютерного файла __
a Характеристики компьютерного файла Электрон. дан.
260 Выходные данные __
a Место издания Москва
b Издательство Юрайт
c Дата издания 2026
300 Физическое описание __
a Объем 293 с
440 Серия __
a Серия Профессиональное образование
500 Примечания __
a Примечание URL: https://urait.ru/bcode/586838 (дата обращения: 29.04.2026).
520 Аннотация __
a Аннотация Учебник написан на основе инновационных подходов в педагогическом образовании. Авторы придерживаются принципов формирования личности ребенка через культуру. В издании рассматриваются основы музыкального воспитания дошкольников, методы и приемы развития музыкального восприятия у детей. Раскрыты цели и задачи музыкального воспитания детей. Подробно изложены формы и способы организации музыкальной деятельности детей. Книга поможет будущим педагогам подготовиться к работе с детьми.
538 Прим. о системных особенностях __
a Прим. о системных особенностях Режим доступа: Электронно-библиотечная система Юрайт, для авториз. пользователей
653 Ключевые слова __
a Ключевые слова Дошкольная педагогика
653 Ключевые слова __
a Ключевые слова Педагогика, психология, социальная работа
653 Ключевые слова __
a Ключевые слова Теория и методика музыкального воспитания
653 Ключевые слова __
a Ключевые слова Теория и методика музыкального воспитания с практикумом
653 Ключевые слова __
a Ключевые слова Теория и методика музыкального воспитания дошкольников
653 Ключевые слова __
a Ключевые слова Преподавание дисциплин художественно-эстетического цикла в начальной школе
653 Ключевые слова __
a Ключевые слова Педагогическая деятельность по реализации образовательных программ дошкольного образования и организации развивающей деятельности с детьми раннего и дошкольного возраста
653 Ключевые слова __
a Ключевые слова Организация музыкальных занятий и музыкального досуга в дошкольной образовательной организации
653 Ключевые слова __
a Ключевые слова Преподавание предметов художественно-эстетического цикла в начальных классах, в том числе для обучающихся с ограниченными возможностями здоровья
700 Другие авторы __
a Другие авторы Комиссарова Л. Н.
q Полное имя Комиссарова Людмила Николаевна
856 Электронный адрес документа 40
n Местонахождение сервера Юрайт
g Электронная книга
q Тип электронного формата html
h Имя пользователя ЮРАЙТ
v Часы доступа к ресурсу 20271231
2 Способ доступа Показать документ
x Служебное примечание https://urait.ru/book/cover/A41ECC82-493B-4B51-A767-B6F23EFB40DE
u URL https://urait.ru/bcode/586838
856 Электронный адрес документа 48
q Тип электронного формата cover
u URL https://urait.ru/book/cover/A41ECC82-493B-4B51-A767-B6F23EFB40DE
911 __
u 0030=https://urait.ru/bcode/586838
911 __
u 073a=9785534092844
u 073d=1589.00
911 __
u 106a=s
911 __
u 900l=
952 Тип литературы __
i Дисциплина Теория и методика музыкального воспитания
952 Тип литературы __
i Дисциплина Теория и методика музыкального воспитания с практикумом
952 Тип литературы __
i Дисциплина Теория и методика музыкального воспитания дошкольников
952 Тип литературы __
i Дисциплина Преподавание дисциплин художественно-эстетического цикла в начальной школе
952 Тип литературы __
i Дисциплина Педагогическая деятельность по реализации образовательных программ дошкольного образования и организации развивающей деятельности с детьми раннего и дошкольного возраста
952 Тип литературы __
i Дисциплина Организация музыкальных занятий и музыкального досуга в дошкольной образовательной организации
952 Тип литературы __
i Дисциплина Преподавание предметов художественно-эстетического цикла в начальных классах, в том числе для обучающихся с ограниченными возможностями здоровья